|
|
|
|
| LEADER |
00000nam2a2200000 4500 |
| 001 |
57138 |
| 005 |
20231101211640.0 |
| 010 |
|
|
|a 5980030689
|
| 035 |
|
|
|a (RuTPU)RU\TPU\book\60273
|
| 090 |
|
|
|a 57138
|
| 100 |
|
|
|a 20031024d2003 km y0rusy50 ca
|
| 101 |
0 |
|
|a rus
|
| 102 |
|
|
|a RU
|
| 105 |
|
|
|a a g 000zy
|
| 200 |
0 |
|
|a Кн. 1
|
| 210 |
|
|
|d 2003
|
| 215 |
|
|
|a 544 с.
|c ил.
|
| 461 |
|
1 |
|0 (RuTPU)RU\TPU\book\60726
|t Отечественные полупроводниковые приборы
|o справочное пособие
|f А. И. Аксенов, А. В. Нефедов
|v Кн. 1
|e 4-е изд., перераб. и доп.
|d 2003-
|s Ремонт ; Вып. 59
|
| 606 |
1 |
|
|a Полупроводниковые приборы
|2 stltpush
|3 (RuTPU)RU\TPU\subj\50669
|9 69320
|
| 610 |
1 |
|
|a электроника
|
| 610 |
1 |
|
|a условные обозначения
|
| 610 |
1 |
|
|a биполярные транзисторы
|
| 610 |
1 |
|
|a полевые транзисторы
|
| 610 |
1 |
|
|a диоды
|
| 610 |
1 |
|
|a тиристоры
|
| 610 |
1 |
|
|a оптоэлектронные приборы
|
| 610 |
1 |
|
|a аналоги
|
| 610 |
1 |
|
|a справочники
|
| 675 |
|
|
|a 621.382(035)
|v 3
|
| 801 |
|
1 |
|a RU
|b 63413507
|c 20031024
|g PSBO
|
| 801 |
|
2 |
|a RU
|b 63413507
|c 20130528
|g PSBO
|
| 900 |
|
|
|a Физические основы электроники
|
| 942 |
|
|
|c BK
|